000 00853nam a2200229Ia 4500
008 191130s1998##################000#0#eng##
020 _a9780452289574
022 _a98235197
040 _aACL
_cACL
082 _a337.7304 FOU
100 _aFouloy, Christian de
245 _aThe practical U.S. resource guide to the European Union
_cChristian D. de Fouloy
260 _aAlphen aan den Rijn, The Netherlands ; Frederick, MD
_bKluwer Law International
_c1998
300 _a280 p. ; 23 cm
500 _aIncludes index
650 _aEuropean Union - Directories
650 _aEuropean Union countries - Foreign economic relations - United States - Directories
650 _aUnited States - Foreign economic relations - European Union countries - Directories
990 _a3e4faecbac10000c03c772b148a860a7
991 _a158561
999 _c65248
_d65248